Animation:Master : (Record no. 31743)

000 -LEADER
fixed length control field 01181cam a22003134a 4500
001 - CONTROL NUMBER
control field 14323621
003 - CONTROL NUMBER IDENTIFIER
control field OSt
005 - DATE AND TIME OF LATEST TRANSACTION
control field 20210909104451.0
008 - FIXED-LENGTH DATA ELEMENTS--GENERAL INFORMATION
fixed length control field 060331s2007 maua b 001 0 eng
010 ## - LIBRARY OF CONGRESS CONTROL NUMBER
LC control number 2006011039
020 ## - INTERNATIONAL STANDARD BOOK NUMBER
International Standard Book Number 9781584504757 (pbk. with cd : alk. paper)
038 ## - RECORD CONTENT LICENSOR
Staff Name khadija
040 ## - CATALOGING SOURCE
Original cataloging agency DLC
Transcribing agency DLC
Modifying agency DLC
042 ## - AUTHENTICATION CODE
Authentication code pcc
050 00 - LIBRARY OF CONGRESS CALL NUMBER
Classification number TR897.7
Item number .R643 2007
082 00 - DEWEY DECIMAL CLASSIFICATION NUMBER
Classification number 006.696
Edition number 22
Author Mark ROG
100 1# - MAIN ENTRY--PERSONAL NAME
Personal name Rogers, David.
9 (RLIN) 82295
245 10 - TITLE STATEMENT
Title Animation:Master :
Remainder of title A Complete Guide /
Statement of responsibility, etc. David Rogers.
260 ## - PUBLICATION, DISTRIBUTION, ETC.
Place of publication, distribution, etc. Boston :
Name of publisher, distributor, etc. Charles River Media,
Date of publication, distribution, etc. c2007.
300 ## - PHYSICAL DESCRIPTION
Extent xvii, 558 p. :
Other physical details ill. ;
Dimensions 24 cm. +
Accompanying material 1 CD-ROM (4 3/4 in.)
504 ## - BIBLIOGRAPHY, ETC. NOTE
Bibliography, etc. note Includes bibliographical references and index.
563 ## - BINDING INFORMATION
Binding note paperback
630 00 - SUBJECT ADDED ENTRY--UNIFORM TITLE
Uniform title Animation:Master.
9 (RLIN) 82296
650 #0 - SUBJECT ADDED ENTRY--TOPICAL TERM
Topical term or geographic name entry element Computer animation.
9 (RLIN) 69260
856 41 - ELECTRONIC LOCATION AND ACCESS
Materials specified Table of contents only
Uniform Resource Identifier <a href="http://www.loc.gov/catdir/toc/ecip0611/2006011039.html">http://www.loc.gov/catdir/toc/ecip0611/2006011039.html</a>
906 ## - LOCAL DATA ELEMENT F, LDF (RLIN)
a 7
b cbc
c orignew
d 1
e ecip
f 20
g y-gencatlg
942 ## - ADDED ENTRY ELEMENTS (KOHA)
Source of classification or shelving scheme
Koha item type Book
Holdings
Withdrawn status Lost status Source of classification or shelving scheme Damaged status Not for loan Permanent Location Current Location Shelving location Date acquired Full call number Barcode Date last seen Price effective from Koha item type Public note
          School of Mechanical & Manufacturing Engineering (SMME) School of Mechanical & Manufacturing Engineering (SMME) General Stacks 07/01/2015 006.696 ROG SMME-259 03/27/2018 07/01/2015 Book Rack,49-Shelf,1
© 2023 Central Library, National University of Sciences and Technology. All Rights Reserved.